| Tag |
First Indicator |
Second Indicator |
Subfields |
| LEADER |
00000cam a2200000 a 4500 |
| 001 |
in00000017169 |
| 005 |
20151007053411.0 |
| 008 |
871110s1988 iau s00010 eng |
| 010 |
|
|
|a 87030205
|
| 020 |
|
|
|a 0877452016 (pbk.) :
|c $6.95
|
| 020 |
|
|
|a 0877452008 (hard)
|
| 035 |
|
|
|a (OCoLC)17108142
|
| 035 |
|
|
|9 AAB1525AM
|
| 040 |
|
|
|a DLC
|c DLC
|d UtOrBLW
|
| 049 |
|
|
|a TXAM
|c [A11084145]
|
| 050 |
0 |
0 |
|a PS3557.L314
|b T7 1988
|
| 082 |
0 |
|
|a 811/.54
|2 19
|
| 100 |
1 |
|
|a Glaser, Elton.
|
| 245 |
1 |
0 |
|a Tropical depressions :
|b poems /
|c by Elton Glaser.
|
| 250 |
|
|
|a 1st ed.
|
| 264 |
|
1 |
|a Iowa City :
|b University of Iowa Press,
|c 1988.
|
| 300 |
|
|
|a 87 pages ;
|c 21 cm.
|
| 336 |
|
|
|a text
|b txt
|2 rdacontent
|
| 337 |
|
|
|a unmediated
|b n
|2 rdamedia
|
| 338 |
|
|
|a volume
|b nc
|2 rdacarrier
|
| 490 |
1 |
|
|a The Iowa poetry prize
|
| 830 |
|
0 |
|a Iowa poetry prize.
|
| 999 |
|
|
|a MARS
|
| 999 |
f |
f |
|s 1e0f013a-8f98-3e0d-ad7e-f1596b2d9adf
|i 68a09e61-c717-3fdd-abfa-69bf01d5ef86
|t 0
|
| 952 |
f |
f |
|p ric
|a Texas A&M University
|b Rellis Campus
|c Joint Library Facility
|d Remote Storage
|t 0
|e PS3557.L314 T7 1988
|h Library of Congress classification
|i unmediated -- volume
|m A14811084145
|
| 998 |
f |
f |
|a PS3557.L314 T7 1988
|t 0
|l Remote Storage
|